| 000 | 00976nam a2200277 i 4500 | ||
|---|---|---|---|
| 001 | 77826 | ||
| 003 | ES-MaACL | ||
| 005 | 20251003195812.0 | ||
| 007 | t| | ||
| 008 | 041111s1997 sp |||| |dspa d | ||
| 020 | _a84-7628-213-3 | ||
| 080 | _a394:248.153.8(569.4)"15" | ||
| 080 | _a910.4(569.4)"15" | ||
| 080 | _a929 Enríquez de Ribera, Fadrique, Marqués de Tarifa | ||
| 100 | 1 |
_aGarcía Martín, Pedro. _954902 |
|
| 245 | 1 | 3 |
_aLa cruzada pacífica _b: la peregrinación a Jesusalén de don Fadrique Enríquez de Ribera / _cPedro García Martín. |
| 250 | _a1ª ed. | ||
| 260 |
_aBarcelona : _bEdiciones del Serbal, _c1997. |
||
| 300 |
_a157 p. : _bil. ; _c26 cm. |
||
| 490 | 1 |
_aLibros del buen andar ; _v44 |
|
| 600 | 1 | 4 |
_aEnríquez de Ribera, Fadrique, _cMarqués de Tarifa _947283 |
| 650 | 4 |
_aPeregrinaciones cristianas- _zPalestina. _9159925 |
|
| 830 | 0 |
_aLibros del buen andar ; _v44 _9177977 |
|
| 852 |
_aES-MaACL _jL-28424 |
||
| 999 |
_c77826 _d77826 |
||